000 00502nam a22001697a 4500
003 PK-NaQUE
005 20260602130248.0
008 260602b |||||||| |||| 00| 0 eng d
020 _a0713131667
040 _cQUEST
100 _aMiller, Henry A.
_9304
245 _aElectrical Installation Practice: 2nd year
260 _bHodder & Stoughton Educational
_c1969.
650 _aElectrical Engineering
_92
856 _uhttp://10.10.170.122:8080/browse/book/29784
_yDownload eBook
942 _cBK
_2ddc
999 _c66100
_d66097